| 000 | 00320nam a22001337a 4500 | ||
|---|---|---|---|
| 020 | _qPB. | ||
| 040 | _cFIZZA ISHAQ | ||
| 082 |
_a005.117 _bMAT |
||
| 100 |
_aWEISFELD,MATT. _991001 |
||
| 245 |
_aOBJECT ORIENTED THOUGHT PROCESS / _cMATT WEISFELD. |
||
| 260 |
_aPEARSON ; _c2019. |
||
| 300 | _a223 P. ; | ||
| 942 |
_2ddc _cBK |
||
| 999 |
_c589199 _d589199 |
||